Nonlinear liapunov dynamics /
Salvato in:
| Autore principale: | |
|---|---|
| Natura: | Libro |
| Lingua: | inglese |
| Pubblicazione: |
Singapure :
World Scientific,
1990
|
| Edizione: | 1.vyd. |
| Soggetti: | |
| Tags: |
Nessun Tag, puoi essere il primo ad aggiungerne!!
|
MARC
| LEADER | 00000nam a22000003a 4500 | ||
|---|---|---|---|
| 001 | stu8077 | ||
| 005 | 20150617225806.1 | ||
| 008 | 951003s1990----uk------------------eng-d | ||
| 020 | |a 981-02-0192-3 | ||
| 040 | |a STU |b slo | ||
| 041 | 0 | |a eng | |
| 044 | |a uk | ||
| 080 | |a 517.938 | ||
| 080 | |a 517.987 | ||
| 084 | |a C1200 |2 INS | ||
| 084 | |a C1340K |2 INS | ||
| 100 | 1 | |a Skowrinski, J.M |4 aut | |
| 245 | 1 | |a Nonlinear liapunov dynamics / |c [aut.] Skowrinski,J.M | |
| 250 | |a 1.vyd. | ||
| 260 | |a Singapure : |b World Scientific, |c 1990 | ||
| 300 | |a 595 s | ||
| 650 | 7 | |a teória systémov |2 stusub | |
| 650 | 7 | |a nelineárne dynamické systémy |2 stusub | |
| 996 | |b E80101 |c E*80101 |l EE09 |s P |a 0 |w stu8077_0001 | ||